000 00666nam a2200217Ii 4500
003 JO-AjNU
008 230606s9999||||xx |||||||||||||| ||und||
020 _a978-0-07-016708-7/0-07-016708-7
040 _aJO-AjNU
_beng
_erda
_cJO-AjNU
041 _aeng
050 1 4 _aHF5548.2.O23.2010
100 3 _aO'Brien,James A/ Marakas,George M,
_eauthor
_9597
245 0 0 _aIntroduction to Information Systems
250 _a15th ed
264 3 1 _aNew York:Mc Graw Hill,2010
300 _a592p
_bIncludes indexes557-592 p
336 _atext
_btxt
_2rdacontent
337 _aunmediated
_bn
_2rdamedia
338 _avolume
_bnc
_2rdacarrier
650 4 _aInformation Systems
_9598
999 _aE315
_c315
_d315